| 000 -LEADER |
| fixed length control field |
00811cam a22002652 4500 |
| 001 - CONTROL NUMBER |
| control field |
439114 |
| 003 - CONTROL NUMBER IDENTIFIER |
| control field |
OSt |
| 005 - DATE AND TIME OF LATEST TRANSACTION |
| control field |
20230310104247.0 |
| 008 - FIXED-LENGTH DATA ELEMENTS--GENERAL INFORMATION |
| fixed length control field |
061113s2006 enka a 00011 eng d |
| 020 ## - INTERNATIONAL STANDARD BOOK NUMBER |
| International Standard Book Number |
9781844285198 (pbk.) |
| 040 ## - CATALOGING SOURCE |
| Original cataloging agency |
DLC |
| Transcribing agency |
DLC |
| Modifying agency |
TAE |
| -- |
KH8 |
| 042 ## - AUTHENTICATION CODE |
| Authentication code |
lcac |
| 082 04 - DEWEY DECIMAL CLASSIFICATION NUMBER |
| Classification number |
823.914 LEW |
| 100 1# - MAIN ENTRY--PERSONAL NAME |
| Personal name |
Lewis, Kim, |
| Dates associated with a name |
1951- |
| Relator term |
author |
| 245 10 - TITLE STATEMENT |
| Title |
Here we go, Harry / |
| Statement of responsibility, etc. |
Kim Lewis. |
| 260 ## - PUBLICATION, DISTRIBUTION, ETC. |
| Place of publication, distribution, etc. |
London : |
| Name of publisher, distributor, etc. |
Walker Books, |
| Date of publication, distribution, etc. |
2006. |
| 300 ## - PHYSICAL DESCRIPTION |
| Extent |
[32] p. : |
| Other physical details |
col. ill. ; |
| Dimensions |
27 cm. |
| 500 ## - GENERAL NOTE |
| General note |
Originally published: 2005. |
| 520 ## - SUMMARY, ETC. |
| Summary, etc. |
Harry the elephant is helped by his toy friends, Lulu and Ted, to jump from a little grassy hill on a beautiful summer day. |
| 521 ## - TARGET AUDIENCE NOTE |
| Target audience note |
4-8. |
| 650 #1 - SUBJECT ADDED ENTRY--TOPICAL TERM |
| Topical term or geographic name entry element |
Friendship |
| Form subdivision |
Fiction. |
| 650 #1 - SUBJECT ADDED ENTRY--TOPICAL TERM |
| Topical term or geographic name entry element |
Toys |
| Form subdivision |
Fiction. |
| 650 #1 - SUBJECT ADDED ENTRY--TOPICAL TERM |
| Topical term or geographic name entry element |
Elephants |
| Form subdivision |
Fiction. |
| 942 ## - ADDED ENTRY ELEMENTS (KOHA) |
| Source of classification or shelving scheme |
|
| Koha item type |
Books - Non Ficton |